[Event "Yerevan op 2nd"]
[Site "Yerevan"]
[Date "2017.09.21"]
[Round "3"]
[White "Davtyan, Artur"]
[Black "Rezanezhad, Hassan"]
[Result "1-0"]
[WhiteElo "2303"]
[BlackElo "1959"]
[PlyCount "67"]
[EventDate "2017.09.19"]
[EventType "swiss"]
[EventRounds "9"]
[EventCountry "ARM"]
[SourceTitle "CBM 180 Extra"]
[Source "ChessBase"]
[SourceDate "2017.10.06"]
[SourceVersion "1"]
[SourceVersionDate "2017.10.06"]
[SourceQuality "1"]

1. d4 Nf6 2. c4 d6 3. Nf3 g6 4. g3 Bg7 5. Bg2 0-0 6. Nc3 Nbd7 7. 0-0 e5 8. h3 c6 9. e4 Qb6 10. dxe5 dxe5 11. Qc2 Re8 12. Be3 Qc7 13. Rad1 Bf8 14. Rd2 b6 15. Rfd1 Bb7 16. a3 a5 17. Na4 c5 18. Nc3 Bc6 19. Nb5 Qb7 20. Nh2 Kg7 21. Nd6 Bxd6 22. Rxd6 Nf8 23. Bg5 Ng8 24. Ng4 h6 25. Bf6+ Nxf6 26. Nxf6 Re6 27. Ng4 Rae8 28. Qd2 g5 29. Ne3 Bxe4 30. Nf5+ Kh7 31. Rxe6 Rxe6 32. Qd8 Bxg2 33. Qxf8 Bxh3 34. Qg7# 1-0

[Event "Yerevan op 2nd"]
[Site "Yerevan"]
[Date "2017.09.20"]
[Round "2"]
[White "Rezanezhad, Hassan"]
[Black "Adamyan, Mane"]
[Result "1-0"]
[WhiteElo "1959"]
[BlackElo "1636"]
[PlyCount "113"]
[EventDate "2017.09.19"]
[EventType "swiss"]
[EventRounds "9"]
[EventCountry "ARM"]
[SourceTitle "CBM 180 Extra"]
[Source "ChessBase"]
[SourceDate "2017.10.06"]
[SourceVersion "1"]
[SourceVersionDate "2017.10.06"]
[SourceQuality "1"]

1. Nf3 Nf6 2. c4 c5 3. Nc3 Nc6 4. g3 b6 5. Bg2 Bb7 6. 0-0 e6 7. d4 Nxd4 8. Nxd4 Bxg2 9. Kxg2 cxd4 10. Qxd4 Bc5 11. Qd3 Qc7 12. e4 Qc6 13. f3 0-0 14. Bg5 Ne8 15. Rad1 f6 16. Bc1 Rd8 17. a3 Be7 18. b3 f5 19. e5 d5 20. exd6 Bxd6 21. Nb5 Be7 22. Qe2 e5 23. Rxd8 Bxd8 24. Qxe5 a6 25. Nd4 Qf6 26. Qxf6 Rxf6 27. Bg5 Rd6 28. Bxd8 Rxd8 29. Nxf5 Rd3 30. Rb1 Kf7 31. g4 Nc7 32. Kf2 Ne6 33. a4 g6 34. Ne3 Nd4 35. Nd5 Rxf3+ 36. Kg2 Rd3 37. Rf1+ Kg7 38. b4 Nc2 39. Rc1 Rd2+ 40. Kf3 Rxh2 41. b5 axb5 42. axb5 Nd4+ 43. Ke3 Ne6 44. Nxb6 Rb2 45. Ke4 Nc7 46. g5 h6 47. Nd5 Ne6 48. gxh6+ Kxh6 49. Ke5 Nc5 50. Kd6 Nb3 51. Rh1+ Kg7 52. b6 Na5 53. Rc1 Nb7+ 54. Kc6 Na5+ 55. Kc7 Nb3 56. b7 Nxc1 57. Nb6 1-0

[Event "Yerevan op 2nd"]
[Site "Yerevan"]
[Date "2017.09.19"]
[Round "1"]
[White "Gabrielian, Artur"]
[Black "Rezanezhad, Hassan"]
[Result "1-0"]
[WhiteElo "2501"]
[BlackElo "1959"]
[PlyCount "99"]
[EventDate "2017.09.19"]
[EventType "swiss"]
[EventRounds "9"]
[EventCountry "ARM"]
[SourceTitle "CBM 180 Extra"]
[Source "ChessBase"]
[SourceDate "2017.10.06"]
[SourceVersion "1"]
[SourceVersionDate "2017.10.06"]
[SourceQuality "1"]

1. e4 d6 2. d4 Nf6 3. Nc3 e5 4. Nf3 Nbd7 5. Bc4 Be7 6. 0-0 0-0 7. Re1 c6 8. a4 a5 9. Ba2 Ne8 10. Be3 Nc7 11. Qe2 Bf6 12. Rad1 Qe7 13. d5 c5 14. Bc4 b6 15. Nb5 Nb8 16. Nd2 Ne8 17. Bd3 g6 18. Nc4 Nd7 19. Qd2 Ba6 20. Nc3 Bxc4 21. Bxc4 Bg7 22. Be2 Nc7 23. f3 f5 24. Nb1 f4 25. Bf2 g5 26. Na3 h5 27. Nc4 Rf6 28. Ra1 Rg6 29. Qd1 Ne8 30. c3 Nef6 31. b4 Bf8 32. bxc5 bxc5 33. Rb1 g4 34. Bh4 Qg7 35. Rb7 Qh6 36. Qb3 Rg7 37. Qb5 Be7 38. Qc6 Rf8 39. Nxd6 Nxe4 40. Nf5 Rxf5 41. Qxh6 Bxh4 42. Qe6+ Rff7 43. Rxd7 Nxc3 44. Bd3 e4 45. Bxe4 Nxe4 46. Rxe4 gxf3 47. Rxf7 Rxg2+ 48. Kh1 Rg1+ 49. Kxg1 f2+ 50. Kf1 1-0